LEADER 01340nam0 2200313 450 001 000002666 005 20050630115700.0 010 $a88-464-1973-1 100 $a--------d2000----km-y0itay50------ba 101 $aita 102 $aIT 200 1 $aModelli originali di ospitalità nelle piccole e medie imprese turistiche$fGiancarlo Dall'Ara, Saro Di Bartolo, Lubiano Montaguti$gintroduzione di Sergio Palmieri 210 $aMilano$cFranco Angeli$d2000c 215 $a154 p.$d23 cm 225 2 $aSociologia del lavoro$iTeorie e ricerche$v50 300 $aIn testa al front.: Ministero del lavoro, Regione Emilia-Romagna, Assessorato lavoro, formazione scuola e università; Unione europea, Iniziativa Comunitaria Adapt Bis, Progetto n. 1725, Turismo, formazione, servizi. 410 0$12001$aSociologia del lavoro 610 1 $aAziende turistiche$aGestione$aQualità 610 1 $aTurismo$aPiccole e medie imprese 676 $a338.4791068 700 1$aDall'Ara,$bGiancarlo$0457289 701 1$aDi Bartolo,$bSaro$0630113 701 1$aMontaguti,$bLubiano$0315101 702 1$aPalmieri,$bSergio 801 0$aIT $bUNIPARTHENOPE $gRICA $2UNIMARC 912 $a000002666 951 $cNAVA1$a338-M/20$b34155$d20010321 996 $aModelli originali di ospitalità nelle piccole e medie imprese turistiche$91223849 997 $aUNIPARTHENOPE LEADER 05608nam 2200529 a 450 001 9910494583603321 005 20170814174123.0 010 $a92-2-324490-0 035 $a(CKB)2670000000236200 035 $a(EBL)991937 035 $a(OCoLC)821874419 035 $a(MiAaPQ)EBC991937 035 $a(EXLCZ)992670000000236200 100 $a20120813d2012 uy 0 101 0 $aspa 135 $aur|n|---||||| 200 00$aEstudio General sobre los convenios fundamentales relativos a los derechos en el trabajo a la luz de la Declaracio?n de la OIT sobre la justicia social para una globalizacio?n equitativa, 2008$b[electronic resource] $eTercer punto del orden del dia : Informacio?n y memorias sobre la aplicacio?n de convenios y recomendaciones : Informe de la Comisio?n de Expertos en Aplicacio?n de Convenios y Recomendaciones (arti?culos 19, 22 y 35 de la Constitucio?n) /$fConferencia Internacional del Trabajo, 101.a reunio?n, 2012 205 $a1. ed. 210 $aGinebra $cOficina Internacional del Trabajo$d2012 215 $a1 online resource (447 p.) 225 1 $aInforme III,$x0251-3226 ;$vpt. 1B 300 $aDescription based upon print version of record. 311 $a92-2-324489-7 320 $aIncludes bibliographical references. 327 $aDar un rostro humanoa la globalizacio?n; Copyright; I?ndice; Parte I. Introduccio?n; Capi?tulo 1 Observaciones preliminares; Capi?tulo 2 La proteccio?n de los principios y derechos fundamentales en el trabajo en las constituciones nacionales; Libertad sindical y negociacio?n colectiva; Trabajo forzoso; Trabajo infantil; Igualdad, no discriminacio?n e igualdad de remuneracio?n; Capi?tulo 3 Otros instrumentos internacionales pertinentes; Reconocimiento de los principios y derechos fundamentales en el trabajo en otros instrumentos universales y regionales 327 $aEl objetivo de la coherencia en la supervisio?n de las obligaciones de alcance universal y regionalde los Estados relacionadas con los principiosy derechos fundamentales en el trabajoParte II. Libertad sindicaly negociacio?n colectiva; Capi?tulo 1 Convenio sobre la libertad sindical y la proteccio?n del derecho de sindicacio?n, 1948 (nu?m. 87); Introduccio?n; A?mbito de aplicacio?n del Convenioy me?todos de aplicacio?n; Cuestiones tema?ticas; Capi?tulo 2 Convenio sobre el derecho de sindicacio?ny de negociacio?n colectiva, 1949 (nu?m. 98); Introduccio?n; A?mbito y me?todos de aplicacio?n del Convenio 327 $aCuestiones tema?ticasParte III. Trabajo forzoso; Capi?tulo 1 Introduccio?n; Capi?tulo 2 A?mbito y me?todos de aplicacio?n de los Convenios; A?mbito de aplicacio?n; Me?todos de aplicacio?n: disposiciones constitucionales y legislativas y decisiones judiciales; Dificultades relativas a la aplicacio?n de los convenios; Capi?tulo 3 Convenio sobre el trabajo forzoso, 1930 (nu?m. 29); Definicio?n del trabajo forzoso u obligatorio; Excepciones a la definicio?n del trabajo forzoso; Imposicio?n de trabajo para fines de obrasy servicios pu?blicos, y otros fines especificados; Obligaciones de servicio nacional 327 $aRestricciones a la libertad de los trabajadores para dejar su empleoTrabajo de reclusos para empresas privadas; Obligacio?n de realizar horas extraordinarias bajo la amenaza de una pena; Esclavitud, pra?cticas ana?logas a la esclavitud y otras formas ili?citas de trabajo obligatorio.Imposicio?n de trabajo forzoso a los trabajadores pertenecientes a los grupos ma?s vulnerables; Trata de personas; Capi?tulo 4 Convenio sobre la abolicio?n del trabajo forzoso, 1957 (nu?m. 105); A?mbito de aplicacio?n del Convenio nu?m. 105 en relacio?n con el Convenio nu?m. 29 327 $aSanciones que entran?an trabajo obligatorio impuestas por inobservancia de las restricciones a las libertades pu?blicasImposicio?n de trabajo forzoso u obligatorio con fines de desarrollo econo?mico; Infracciones a la disciplina en el trabajo punibles con sanciones que conllevan trabajo obligatorio; Sanciones que conllevan trabajo obligatorio como castigo por haber participado en huelgas; Imposicio?n del trabajo forzoso u obligatoriocomo medida de discriminacio?n racial,social, nacional o religiosa; Capi?tulo 5 Aplicacio?n efectiva de la legislacio?n; Sanciones penales 327 $aO?rganos encargados de hacer cumplir la ley 330 $ael presente Estudio General trata de los ocho convenios fundamentales y tiene el propo?sito de presentar un panorama general de la legislacio?n y la pra?ctica de los Estados Miembros desde el punto de vista de la aplicacio?n de los convenios ratificados y no ratificados, describiendo las diversas iniciativas emprendidas en unos pai?ses, y refirie?ndose tambie?n a algunos problemas graves encontrados en la aplicacio?n de sus disposiciones. 410 0$aReport (International Labour Conference) ;$v101 session, 3 (pt. 1B) 606 $aEmployee rights$vCongresses 606 $aSocial justice$vCongresses 608 $aElectronic books. 615 0$aEmployee rights 615 0$aSocial justice 676 $a331/.09172/4 676 $a341.763 712 12$aInternational Labour Conference$d(101st :$f2012) 801 0$bMiAaPQ 801 1$bMiAaPQ 801 2$bMiAaPQ 906 $aBOOK 912 $a9910494583603321 996 $aEstudio General sobre los convenios fundamentales relativos a los derechos en el trabajo a la luz de la Declaracio?n de la OIT sobre la justicia social para una globalizacio?n equitativa, 2008$92432581 997 $aUNINA LEADER 01774nam0 22004093i 450 001 VAN0248553 005 20230529095250.71 017 70$2N$a9783030329457 100 $a20220725d2020 |0itac50 ba 101 $aeng 102 $aCH 105 $a|||| ||||| 200 1 $aˆA ‰Course on Topological Vector Spaces$fJürgen Voigt 210 $aCham$cBirkhäuser$cSpringer$d2020 215 $aviii, 155 p.$cill.$d24 cm 410 1$1001VAN0103268$12001 $aCompact textbooks in mathematics$1210 $aBasel [etc.]$cBirkhäuser 500 1$3VAN0248554$aˆA ‰Course on Topological Vector Spaces$92983606 606 $a46-XX$xFunctional analysis [MSC 2020]$3VANC019764$2MF 606 $a46A03$xGeneral theory of locally convex spaces [MSC 2020]$3VANC021693$2MF 606 $a46A04$xLocally convex Frechet spaces and (DF)-spaces [MSC 2020]$3VANC026799$2MF 610 $aBipolar theorem$9KW:K 610 $aConvex spaces$9KW:K 610 $aPolars$9KW:K 610 $aReflexivity$9KW:K 610 $aTopology$9KW:K 620 $aCH$dCham$3VANL001889 700 1$aVoigt$bJürgen$3VANV203460$0971623 712 $aBirkhäuser $3VANV108193$4650 712 $aSpringer $3VANV108073$4650 801 $aIT$bSOL$c20240614$gRICA 856 4 $uhttp://doi.org/10.1007/978-3-030-32945-7$zE-book ? Accesso al full-text attraverso riconoscimento IP di Ateneo, proxy e/o Shibboleth 899 $aBIBLIOTECA DEL DIPARTIMENTO DI MATEMATICA E FISICA$1IT-CE0120$2VAN08 912 $fN 912 $aVAN0248553 950 $aBIBLIOTECA DEL DIPARTIMENTO DI MATEMATICA E FISICA$d08CONS e-book 4520 $e08eMF4520 20220725 996 $aCourse on Topological Vector Spaces$92983606 997 $aUNICAMPANIA